[Event "Figueres Mas op-B 23rd"]
[Site "Figueres"]
[Date "2022.08.16"]
[Round "7"]
[White "Cantenys Pages, Carles"]
[Black "Osses Falgas, Angel"]
[Result "1-0"]
[WhiteElo "1361"]
[BlackElo "1066"]
[PlyCount "73"]
[EventDate "2022.08.11"]
[EventType "swiss"]
[EventRounds "9"]
[EventCountry "ESP"]
[SourceTitle "EXT 2023"]
[Source "ChessBase"]
[SourceDate "2022.10.05"]
[SourceVersion "1"]
[SourceVersionDate "2022.10.05"]
[SourceQuality "1"]

1. e4 e5 2. Nf3 Nc6 3. Be2 Bc5 4. c3 Nf6 5. d3 d6 6. b4 Bb6 7. b5 Ne7 8. a4 a6 9. c4 Bd7 10. Nc3 0-0 11. 0-0 Ng6 12. Bg5 h6 13. Bxf6 gxf6 14. Qc1 Kh7 15. a5 Ba7 16. bxa6 bxa6 17. Qd2 Rg8 18. Kh1 Nf4 19. Nh4 f5 20. Nxf5 Bxf5 21. exf5 Nxe2 22. Qxe2 Qg5 23. Qf3 Rab8 24. Ne4 Qe7 25. f6 Qd7 26. Rab1 Rxb1 27. Rxb1 Qa4 28. h4 Qxa5 29. Qh5 Rg6 30. Qf5 d5 31. cxd5 Kg8 32. Qxe5 Qa2 33. Rg1 Bxf2 34. Qe8+ Kh7 35. Qxf7+ Kh8 36. Qxg6 Bxg1 37. Qg7# 1-0